Metodologías de identificación y caracterización de la flora y fauna silvestre del área de jurisdicción de la CDMB. Fase páramos (Registro nro. 1507)

Detalles MARC
000 -CABECERA
Campo de control 00981nam a2200301 a 4500
005 - FECHA Y HORA DE LA ULTIMA TRANSACCION
Campo de control 20200104041521.0
008 - ELEMENTOS DE LONGITUD FIJA—INFORMACION GENERAL
Campo de control 140228b1999 ck ||||| |||| 00| 0 spa d
040 ## - FUENTE DE CATALOGACIÓN
Agencia catalogadora original CO-BoIAVH
Agencia transcriptora CO-BoIAVH
041 ## - IDIOMA
Código de idioma para texto/pista de sonido o título separado Español
044 ## - PAÍS DE PUBLICACIÓN
País de publicación Colombia
090 ## - CLASIFICACIÓN LOCAL
Colección LB
Consecutivo 01499
100 1# - ASIENTO PRINCIPAL--NOMBRE PERSONAL
Nombre personal Avellaneda Cusaría, Mario
9 (RLIN) 12586
245 10 - MENCION DE TITULO
Título Metodologías de identificación y caracterización de la flora y fauna silvestre del área de jurisdicción de la CDMB. Fase páramos
Parte restante del título informe final
260 ## - PUBLICACION, DISTRIBUCION, ETC. (PIE DE IMPRENTA)
Lugar de publicación, distribución, etc. Bucaramanga:
Nombre del editor, distribuidor, etc. CDMB,
Fecha de publicación, distribución, etc. 1999?
300 ## - DESCRIPCION FISICA
Extensión 200 páginas
650 1# - ASIENTO SECUNDARIO DE MATERIA - TERMINO TEMATICO
Término temático o nombre geográfico como elemento de entrada Flora silvestre
9 (RLIN) 134
650 1# - ASIENTO SECUNDARIO DE MATERIA - TERMINO TEMATICO
Término temático o nombre geográfico como elemento de entrada Vegetación
9 (RLIN) 49073
650 1# - ASIENTO SECUNDARIO DE MATERIA - TERMINO TEMATICO
Término temático o nombre geográfico como elemento de entrada Fauna silvestre
9 (RLIN) 49074
650 1# - ASIENTO SECUNDARIO DE MATERIA - TERMINO TEMATICO
Término temático o nombre geográfico como elemento de entrada Páramo
9 (RLIN) 49075
650 1# - ASIENTO SECUNDARIO DE MATERIA - TERMINO TEMATICO
Término temático o nombre geográfico como elemento de entrada Informe de investigación
9 (RLIN) 10269
662 ## - ASIENTO SECUNDARIO DE MATERIA - JERARQUIA DEL NOMBRE DE LUGAR(
País o entidad mayor Colombia
Jurisdicción política de primer orden Santander
700 1# - ASIENTO SECUNDARIO - NOMBRE PERSONAL
Nombre personal Restrepo, Jorge
9 (RLIN) 12591
700 1# - ASIENTO SECUNDARIO - NOMBRE PERSONAL
Nombre personal Caceres, María Ximena
9 (RLIN) 12592
700 1# - ASIENTO SECUNDARIO - NOMBRE PERSONAL
Nombre personal Campos C., Eduardo
9 (RLIN) 12593
700 1# - ASIENTO SECUNDARIO - NOMBRE PERSONAL
Nombre personal Rojas, Alicia
9 (RLIN) 660
700 1# - ASIENTO SECUNDARIO - NOMBRE PERSONAL
Nombre personal Stella, Felipe
9 (RLIN) 12594
942 ## - ELEMENTOS ADICIONALES (KOHA)
Tipo de ítem Informe Técnico
Sistema de clasificación Local
Existencias
Withdrawn status Lost status Sistema de Clasificación Damaged status No para préstamo Colección Inventariado Ubicación Permanente Ubicación actual Fecha de adquisición Fuente de Valor Total Checkouts Total Renewals Número topográfico Inventario / Código de Barras Date last seen Date checked out Ejemplar Price effective from Forma de adquisición Tipo de material
    Local     General Inventariado 2017 Bogotá Bogotá 29/09/1999 Didier, Gisele 1 1 LB-01499 002090 23/09/2013 01/05/2013 Ej. 1 04/12/2012   Informe Técnico